Mesa económico, científico, técnica

保存先:
書誌詳細
団体著者: Instituto de Cooperación Iberoamericana
フォーマット: テキスト
出版事項: Madrid: Huertas
タグ: タグ追加
タグなし, このレコードへの初めてのタグを付けませんか!

MARC

LEADER 00000 a a2200000 04500
001 25450
003
040
090 |a 152512  
110 |a Instituto de Cooperación Iberoamericana  
245 |a Mesa económico, científico, técnica  
260 |a Madrid:   |b Huertas  
300 |a 516 p.   |b il.  
999 |c 12678  |d 12678